000 00500nam a2200121Ia 4500
008 220204s9999 xx 000 0 und d
082 _aNR:061.32002
_bACS.4
100 _aDebnath, S C
245 0 _aUnderstanding the chemistry of the rubber/silane reaction for silica reinforcement, using model olefins : paper presented at a meeting of the Rubber Division, American Chemical Society, Georgia, April 29-May 1 2002. No.4
260 _aGeorgia
_bACS
_c2002
700 _aNooroermeer, J W M
942 _cBK
999 _c42282
_d42282